First Countries to Report a COVID-19 Case - Statistics

General Stats
  • This quiz has been taken 33 times
  • The average score is 11 of 16
Answer Stats
MM/DD/YY of first case Country % Correct
12/??/19 China
100%
01/18/20 United States
94%
01/25/20 Canada
84%
01/16/20 Japan
84%
01/24/20 France
78%
01/20/20 South Korea
78%
01/23/20 Vietnam
78%
01/13/20 Thailand
75%
01/25/20 Australia
72%
01/21/20 Taiwan
72%
01/27/20 Germany
69%
01/27/20 Cambodia
63%
01/25/20 Malaysia
63%
01/23/20 Singapore
47%
01/23/20 Nepal
38%
01/27/20 Sri Lanka
19%
No matching quizzes found
Score Distribution
Percent of People with Each Score
Percentile by Number Answered
Your Score History
You have not taken this quiz